000
00339nam a2200169Ia 4500
100
_a
Dieter/G.E
650
_a
Metallurgy
942
_c
BK
366
_f
25
654
_a
metallurgy
245
_a
Mechanical Metallurgy
260
_b
McGraw Hill
_c
1928
082
_a
620.1123
_b
DIE
300
_a
751
546
_a
ENGLISH
999
_c
22099
_d
22099